Kenneth David Kaunda (Record no. 58368)
[ view plain ]
| 000 -LEADER | |
|---|---|
| fixed length control field | 00548nam a2200205Ia 4500 |
| 003 - CONTROL NUMBER IDENTIFIER | |
| control field | 0100 |
| 005 - DATE AND TIME OF LATEST TRANSACTION | |
| control field | 20190516095358.0 |
| 008 - FIXED-LENGTH DATA ELEMENTS--GENERAL INFORMATION | |
| fixed length control field | 130303s9999 xx 000 0 und d |
| 040 ## - CATALOGING SOURCE | |
| Transcribing agency | ARRUPELIB |
| 050 ## - LIBRARY OF CONGRESS CALL NUMBER | |
| Classification number | DT3119.K46 1997 |
| 300 ## - PHYSICAL DESCRIPTION | |
| Dimensions | 23 cm. |
| 100 ## - MAIN ENTRY--PERSONAL NAME | |
| Personal name | Kabwe, Tiyaonse Chisanga |
| 9 (RLIN) | 46392 |
| 245 ## - TITLE STATEMENT | |
| Title | Kenneth David Kaunda |
| Remainder of title | Founder president of the republic of Zambia (perspectives on his exit from office) |
| Statement of responsibility, etc | Tiyaonse Chisanga kabwe |
| 260 ## - PUBLICATION, DISTRIBUTION, ETC. (IMPRINT) | |
| Place of publication, distribution, etc | Harare |
| Name of publisher, distributor, etc | Sapes Books |
| Date of publication, distribution, etc | 1997 |
| 300 ## - PHYSICAL DESCRIPTION | |
| Extent | 189p. ; |
| 600 ## - SUBJECT ADDED ENTRY--PERSONAL NAME | |
| Personal name | Kaunda, Kenneth D. |
| 9 (RLIN) | 46393 |
| 942 ## - ADDED ENTRY ELEMENTS (KOHA) | |
| Source of classification or shelving scheme | Library of Congress Classification |
| Koha item type | Monograph ( Printed materials) |
| Withdrawn status | Lost status | Source of classification or shelving scheme | Damaged status | Not for loan | Collection code | Home library | Current library | Shelving location | Date acquired | Total Checkouts | Full call number | Barcode | Date last seen | Date checked out | Copy number | Price effective from | Koha item type |
|---|---|---|---|---|---|---|---|---|---|---|---|---|---|---|---|---|---|
| Library of Congress Classification | Main Collection | ARRUPE LIBRARY | ARRUPE LIBRARY | 05/03/2013 | 2 | DT3119.K46 1997 | 46003089334 | 07/12/2017 | 26/10/2017 | 1 | 05/03/2013 | Monograph ( Printed materials) | |||||
| Library of Congress Classification | Main Collection | ARRUPE LIBRARY | ARRUPE LIBRARY | Main Collection | 16/05/2019 | DT3119.K46 1997 | 46600004752 | 16/05/2019 | 16/05/2019 | Monograph ( Printed materials) |